Welcome to the Holygrace Academy Library

Please use search bar below to get started

TOWN MOUSE & COUNTRY MOUSE (Record no. 2274)

MARC details
000 -LEADER
fixed length control field 00311nam a22001337a 4500
020 ## - INTERNATIONAL STANDARD BOOK NUMBER
ISBN 0-7214-0856
082 ## - DEWEY DECIMAL CLASSIFICATION NUMBER
Classification number 823
Item number AIN/T
100 ## - MAIN ENTRY--AUTHOR NAME
Personal name AINSWORT ALISON
245 ## - TITLE STATEMENT
Title TOWN MOUSE & COUNTRY MOUSE
Remainder of title READ IT YOUR SELF
260 ## - PUBLICATION, DISTRIBUTION, ETC. (IMPRINT)
Place of publication UK
Name of publisher LADY BIRD
300 ## - PHYSICAL DESCRIPTION
Number of Pages 38
650 ## - SUBJECT ADDED ENTRY--TOPICAL TERM
Topical Term ENGLISH SHORT STORY
Geographic subdivision UK
942 ## - ADDED ENTRY ELEMENTS (KOHA)
Koha item type Books
Holdings
Withdrawn status Lost status Collection code Home library Current library Shelving location Date acquired Source of acquisition Full call number Accession Number Koha item type
    Fiction Main Library Main Library SHELF 3-B- LADY BIRD STORY BOOKS 09/05/2014 PURCHASE 823 AIN/T 08757 Books